00523cam a22002051 4500001001300000003000400013005001700017008004100034010001700075035002000092040001800112042001200130050001800142100003500160245003900195260001100234300001900245651003600264999001700300ne 64003247 DLC20260227111808.0890904s1960 xx 000 0 ara  ane 64003247  a(OCoLC)23515823 aDLCcMiUdDLC apremarc00aDS79.53b.B381 aBazzāz, ʻAbd al-Raḥmān.10aṢafaḅāt min al-ams al-qarib. c[1960] a192 p.c21 cm. 0aIraqxHistoryyRevolution, 1958 c47674d47674